Catalog

Record Details

Catalog Search



Dr. Dolittle. Tail to the chief ... Read More

Record details

  • Physical Description: 1 videodisc (90 min.) : sd., col. ; 4 3/4 in.
  • Publisher: Beverly Hills, Calif. : 20th Century Fox Home Entertainment, 2008

Content descriptions

General Note:
Title from container.
Originally released as a motion picture in 2007.
Special features: Critter casting sessions; working with actors of a different breed; goin' wild at ... Read More
Creation/Production Credits Note:
Director of photography, Ron Stannett ; editor, ... Read More
Participant or Performer Note:
Kyla Pratt, Peter Coyote, Christine Chatelain, ... Read More
Summary, etc.:
Maya's dream of going to vet school is put on hold ... Read More
Target Audience Note:
MPAA rating: PG; for brief mild language and some ... Read More
System Details Note:
DVD, region 1, full screen (1.33:1) and widescreen ... Read More
Language Note:
English or dubbed Spanish dialogue, English or ... Read More
Subject: Animal health technicians > United States > Drama.
Presidents > United States > Drama.
Animal behavior therapy > United States > Drama.
Pets > Training > Drama.
Veterinarios > Estados Unidos > Teatro.
Presidentes > Estados Unidos > Teatro.
Animal health technicians > United States > Drama.
Presidents > United States > Drama.
Animal behavior therapy > United States > Drama.
Pets > Training > Drama.
Genre: Feature films.
Comedy films.
Video recordings for the hearing impaired.
Comedy > Feature.
Animal > Feature.
Feature films.
Comedy films.
LDR 03824cgm a2200745Ka 4500
00189350
003LARL_NWRL_CONSORTIUM
00520080303172602.0
007vd cvaizq
008071211s2008 cau090 g vleng d
0241 . ‡a024543503293
02842. ‡a2250329 ‡b20th Century Fox Home Entertainment
035 . ‡a(OCoLC)183329908
037 . ‡bMidwest Tape ‡nhttp://www.midwesttapes.com
040 . ‡aTEFMT ‡cTEFMT ‡dTEF
0411 . ‡aeng ‡aspa ‡beng ‡bspa ‡heng
043 . ‡an-us---
08204. ‡a791.43/72 ‡222
24500. ‡aDr. Dolittle. ‡pTail to the chief ‡h[DVD/videorecording] / ‡cDavis Entertainment ; produced by John Davis ; written by Kathleen Laccinole, Matthew Lieberman ; directed by Craig Shapiro.
24630. ‡aTail to the chief
260 . ‡aBeverly Hills, Calif. : ‡b20th Century Fox Home Entertainment, ‡c2008
300 . ‡a1 videodisc (90 min.) : ‡bsd., col. ; ‡c4 3/4 in.
538 . ‡aDVD, region 1, full screen (1.33:1) and widescreen presentations; Dolby Digital.
546 . ‡aEnglish or dubbed Spanish dialogue, English or Spanish subtitles; closed-captioned.
500 . ‡aTitle from container.
5111 . ‡aKyla Pratt, Peter Coyote, Christine Chatelain, Niall Matter.
508 . ‡aDirector of photography, Ron Stannett ; editor, Michael Trent ; music, Don MacDonald ; costume designer, Lorraine Carson ; production designer, Brentan Harron.
500 . ‡aOriginally released as a motion picture in 2007.
5218 . ‡aMPAA rating: PG; for brief mild language and some rude behavior.
520 . ‡aMaya's dream of going to vet school is put on hold when she gets a call from the President of the United States. It seems the First Dog is out of control and the President needs her help. It's up to Maya and her own dog, Lucky, to stop a canine catastrophe from becoming a national crisis.
500 . ‡aSpecial features: Critter casting sessions; working with actors of a different breed; goin' wild at Mountain View; learning about endangered animals.
650 0. ‡aAnimal health technicians ‡zUnited States ‡vDrama.
650 0. ‡aPresidents ‡zUnited States ‡vDrama. ‡0(LARL_NWRL_CONSORTIUM)174380
650 0. ‡aAnimal behavior therapy ‡zUnited States ‡vDrama.
650 0. ‡aPets ‡xTraining ‡vDrama.
650 7. ‡aVeterinarios ‡zEstados Unidos ‡vTeatro. ‡2bidex
650 7. ‡aPresidentes ‡zEstados Unidos ‡vTeatro. ‡2bidex
650 7. ‡aAnimal health technicians ‡zUnited States ‡xDrama. ‡2sears
650 7. ‡aPresidents ‡zUnited States ‡xDrama. ‡2sears
650 7. ‡aAnimal behavior therapy ‡zUnited States ‡xDrama. ‡2sears
650 7. ‡aPets ‡xTraining ‡xDrama. ‡2sears
655 0. ‡aFeature films. ‡0(LARL_NWRL_CONSORTIUM)175625
655 0. ‡aComedy films. ‡0(LARL_NWRL_CONSORTIUM)175650
655 0. ‡aVideo recordings for the hearing impaired. ‡0(LARL_NWRL_CONSORTIUM)175744
655 7. ‡aComedy ‡vFeature. ‡2migfg
655 7. ‡aAnimal ‡vFeature. ‡2migfg
655 7. ‡aFeature films. ‡2gsafd ‡0(LARL_NWRL_CONSORTIUM)175625
655 7. ‡aComedy films. ‡2gsafd ‡0(LARL_NWRL_CONSORTIUM)175650
7001 . ‡aDavis, John. ‡0(LARL_NWRL_CONSORTIUM)53057
7001 . ‡aLaccinole, Kathleen. ‡0(LARL_NWRL_CONSORTIUM)197028
7001 . ‡aLieberman, Matthew.
7001 . ‡aShapiro, Craig.
7001 . ‡aPratt, Kyla. ‡0(LARL_NWRL_CONSORTIUM)209569
7001 . ‡aCoyote, Peter. ‡0(LARL_NWRL_CONSORTIUM)138541
7001 . ‡aChatelain, Christine.
7001 . ‡aMatter, Niall.
7102 . ‡aDavis Entertainment Company. ‡0(LARL_NWRL_CONSORTIUM)145074
7102 . ‡aTwentieth Century Fox Home Entertainment, Inc. ‡0(LARL_NWRL_CONSORTIUM)140752
901 . ‡a89350 ‡bOCLC ‡c89350 ‡tbiblio

Additional Resources